000 00497nam a22001457a 4500
005 20250721141111.0
008 250721b |||||||| |||| 00| 0 eng d
050 _aRES HD 6060.3 .K46 2017
_bC. 1
100 _aKENYA, LINET KERUBO
245 _aAN ASSESSMENT OF THE EFFECT OF SEXUAL HARASSMENT PRACTICES ON ORGANIZATIONAL PERFORMANCE
_bA CASE OF WAKENYA PAMOJA SACCO, KISII COUNTY.
260 _aKISII
_bKSU
_c2017
300 _aIX, 30P.,ILL.
500 _aINCLUDES REFERENCES
942 _2lcc
_cREF
999 _c215950
_d215950